[Event "Aeroflot Open B 2017"]
[Site "Moscow RUS"]
[Date "2017.03.01"]
[Round "9.22"]
[White "Baghdasaryan, Vahe"]
[Black "Khalafova, Narmin"]
[Result "1/2-1/2"]
[WhiteTitle "IM"]
[BlackTitle "WIM"]
[WhiteElo "2462"]
[BlackElo "2250"]
[WhiteFideId "13303139"]
[BlackFideId "13402625"]
[EventDate "2017.02.21"]

1. e4 c5 2. Nf3 Nc6 3. Nc3 Nf6 4. d4 cxd4 5. Nxd4 e5 6. Ndb5 d6 7. Bg5 a6 8. Na3
b5 9. Nd5 Be7 10. Bxf6 Bxf6 11. c3 Bg5 12. Nc2 Rb8 13. g3 O-O 14. h4 Bh6 15.
Nce3 Bxe3 16. Nxe3 Ne7 17. Bg2 Be6 18. O-O Kh8 19. Qd2 Qb6 20. h5 h6 21. Rfd1
Rfd8 22. g4 a5 23. a3 a4 24. Bf3 Bb3 25. Re1 d5 26. exd5 Qf6 27. Bg2 Qg5 28. c4
bxc4 29. Qc3 Qf4 30. Re2 Rb6 31. Rae1 Rbd6 32. Qb4 Nxd5 33. Nxd5 Rxd5 34. Bxd5
Rxd5 35. Re4 Qf3 36. Qf8+ Kh7 37. R4e3 Qf4 38. Re4 Qf3 39. R4e3 Qf4 40. Kg2 Bd1
41. g5 Qxg5+ 42. Rg3 Qf6 43. Qa8 Rd4 44. Re4 Rd2 45. Qa7 Qc6 46. Qxf7 Qxe4+ 47.
Kg1 Bg4 48. Qg6+ Qxg6 49. hxg6+ Kxg6 50. Rxg4+ Kf5 51. Rxc4 Rd4 52. Rc7 g6 53.
Rf7+ Ke6 54. Rb7 h5 55. b3 axb3 56. Rxb3 Rd1+ 57. Kg2 Ra1 58. Rg3 Kf5 59. Rf3+
Kg5 60. Rg3+ Kf6 61. Rf3+ Kg7 62. Re3 e4 63. Rxe4 Rxa3 64. Re5 Kf6 65. Rb5 Ra4
66. f3 g5 67. Kg3 h4+ 68. Kh3 Ra2 69. Rb8 Rf2 70. Rf8+ Ke5 71. Rf7 Ke6 72. Rf8
Ke5 73. Rf7 Ke6 74. Rf8 Rc2 75. Re8+ Kf7 76. Rb8 Rf2 77. Kg4 Rg2+ 78. Kf5 Rg3
79. Rb7+ Ke8 80. Rh7 Rxf3+ 81. Kxg5 1/2-1/2

[Event "Aeroflot Open B 2017"]
[Site "Moscow RUS"]
[Date "2017.03.01"]
[Round "9.23"]
[White "Oganian, Miran"]
[Black "Vokhidov, Shamsiddin"]
[Result "1-0"]
[WhiteTitle "IM"]
[BlackTitle "IM"]
[WhiteElo "2452"]
[BlackElo "2355"]
[WhiteFideId "4122488"]
[BlackFideId "14204223"]
[EventDate "2017.02.21"]

1. d4 Nf6 2. c4 e6 3. Nf3 Bb4+ 4. Nbd2 b6 5. g3 O-O 6. Bg2 d5 7. O-O Bb7 8. Ne5
Bd6 9. Ndf3 Nbd7 10. Qa4 Qe8 11. Qc2 c5 12. cxd5 Bxd5 13. Nc4 Bc7 14. b3 Rc8 15.
dxc5 Nxc5 16. Ba3 Bb8 17. Rac1 Qb5 18. Qb1 Qa6 19. Bb2 Nce4 20. Bxf6 Nxf6 21.
Nfd2 Rfd8 22. Qb2 Rc5 23. e4 Ba8 24. Rfd1 b5 25. b4 Rc7 26. Nb3 Qc8 27. Ncd2 h6
28. Nc5 a5 29. e5 Nd5 30. Nde4 Ba7 31. a3 axb4 32. axb4 Qb8 33. Bf1 Qb6 34. Ra1
Rc6 35. Ra5 Qc7 36. Bxb5 Rxc5 37. Rxa7 Qxa7 38. bxc5 Rb8 39. Qe2 Qc7 40. f4 Nxf4
41. gxf4 Bxe4 42. Rc1 Bd5 43. Bd3 Rb4 44. Qe3 Qa7 45. Kf2 Qa4 46. Kg3 Rb3 47. c6
Qa3 48. c7 Rxd3 49. c8=Q+ Kh7 50. Qc2 Be4 51. Qcxd3 Qxd3 52. Qxd3 Bxd3 53. Rc7
Kg6 54. Kf3 f6 55. Ke3 Bf5 56. Kd4 h5 57. Kc5 fxe5 58. fxe5 Kh6 59. Kd6 h4 60.
Rf7 Bh3 1-0

[Event "Aeroflot Open B 2017"]
[Site "Moscow RUS"]
[Date "2017.03.01"]
[Round "9.24"]
[White "Korchmar, Vasiliy"]
[Black "Mikaelyan, Arman"]
[Result "1/2-1/2"]
[WhiteTitle "IM"]
[BlackTitle "IM"]
[WhiteElo "2409"]
[BlackElo "2442"]
[WhiteFideId "24131750"]
[BlackFideId "13304852"]
[EventDate "2017.02.21"]

1. d4 Nf6 2. c4 e6 3. Nc3 Bb4 4. e3 O-O 5. Bd3 d5 6. Nf3 b6 7. O-O Bb7 8. a3 Bd6
9. b4 dxc4 10. Bxc4 Nbd7 11. Bb2 a5 12. b5 Qe7 13. Re1 Ne4 14. Nxe4 Bxe4 15. Nd2
Bb7 16. e4 e5 17. f4 exd4 18. e5 Bc5 19. Nf3 Kh8 20. Ng5 g6 21. Qb3 f6 22. exf6
Qxf6 23. Nxh7 Kxh7 24. Qh3+ Kg7 25. Qxd7+ Kh8 26. Re3 dxe3 27. Bxf6+ Rxf6 28.
Qxc7 Re8 29. Be2 Re7 30. Qb8+ Kg7 31. Rd1 Rf8 32. Rd8 Rxd8 33. Qxd8 Rf7 34. g3
Bf3 35. Kf1 Bxe2+ 36. Kxe2 Rf6 37. Qc7+ Kf8 38. g4 Rd6 39. Kf3 Rd2 40. Qc8+ Kg7
41. Qb7+ Kf8 42. Qb8+ Kf7 43. Qc7+ Kf8 44. Qc8+ Kg7 45. Qc7+ Kf8 46. Qc8+ 1/2-1/2

[Event "Aeroflot Open B 2017"]
[Site "Moscow RUS"]
[Date "2017.03.01"]
[Round "9.25"]
[White "Arabidze, Meri"]
[Black "Makhmutov, Rail"]
[Result "1/2-1/2"]
[WhiteTitle "IM"]
[BlackTitle "FM"]
[WhiteElo "2383"]
[BlackElo "2437"]
[WhiteFideId "13604040"]
[BlackFideId "4122151"]
[EventDate "2017.02.21"]

1. Nf3 d5 2. c4 c6 3. e3 Nf6 4. Nc3 a6 5. b3 Bf5 6. Ba3 g6 7. Be2 Bg7 8. O-O Ne4
9. Nd4 Bc8 10. cxd5 cxd5 11. Nxe4 dxe4 12. f3 Bxd4 13. exd4 Qxd4+ 14. Kh1 Nc6
15. Rc1 Be6 16. fxe4 Qd7 17. Bc5 Nd4 18. Rc3 Rc8 19. b4 Nxe2 20. Qxe2 O-O 21.
Rcc1 Bxa2 22. d4 Qe6 23. Qe3 f5 24. d5 Qxe4 25. Qxe4 fxe4 26. Rxf8+ Rxf8 27.
Bxe7 Rf5 28. d6 Kf7 29. Kg1 Ke6 30. Re1 Bd5 31. Rf1 Re5 32. Bf6 Rh5 33. h4 Bc6
34. Bg5 Kxd6 35. g4 Rxg5 36. hxg5 Kd5 37. Kf2 Kc4 38. Rb1 Kd3 39. Rb3+ Kc4 40.
Rb1 Kd3 41. Rb3+ Kc2 42. Re3 Kd2 43. Re1 b6 44. Re2+ Kc3 45. Ra2 Bb5 46. Ke3 Bd3
47. Rh2 Kxb4 48. Rxh7 a5 49. Rg7 a4 50. Rxg6 b5 51. Rc6 a3 52. g6 a2 53. g7 Bc4
54. Rxc4+ bxc4 55. g8=Q a1=Q 56. Qb8+ Ka3 1/2-1/2

[Event "Aeroflot Open B 2017"]
[Site "Moscow RUS"]
[Date "2017.03.01"]
[Round "9.27"]
[White "Mirzoyan, David"]
[Black "Murtazin, Bulat"]
[Result "1/2-1/2"]
[WhiteTitle "FM"]
[BlackTitle "FM"]
[WhiteElo "2308"]
[BlackElo "2425"]
[WhiteFideId "13308386"]
[BlackFideId "24151351"]
[EventDate "2017.02.21"]

1. d4 Nf6 2. c4 g6 3. Nc3 Bg7 4. g3 c5 5. Nf3 cxd4 6. Nxd4 Nc6 7. Bg2 O-O 8. O-O
Nxd4 9. Qxd4 d6 10. Qd2 Be6 11. Bxb7 Rb8 12. Bg2 Bxc4 13. b3 Ba6 14. Bb2 Qa5 15.
Rfd1 Rfc8 16. Rac1 Rc5 17. Na4 Qxd2 18. Rxd2 Rxc1+ 19. Bxc1 Rc8 20. Bb2 Ng4 21.
Be4 Bh6 22. f4 Bg7 23. h3 Bxb2 24. Nxb2 Nf6 25. Bf3 Rc1+ 26. Kf2 Nd7 27. Nd1 Nc5
28. Ne3 Bc8 29. g4 Ne6 30. Kg3 Ba6 31. f5 Ng5 32. f6 exf6 33. Rxd6 Bb5 34. Rd1
Rc3 35. Nd5 Rc2 36. h4 Nxf3 37. exf3 Kg7 38. a4 Be2 39. Rd4 a5 40. g5 fxg5 41.
hxg5 h6 42. gxh6+ Kxh6 43. Nf4 Bf1 44. Rd1 Ba6 45. Rd7 Bc8 46. Rxf7 Rc3 47. Ra7
Rxb3 48. Rxa5 Bb7 49. Rb5 Rxf3+ 50. Kg4 Bc6 51. Rc5 Bb7 52. Rb5 Bc6 1/2-1/2

[Event "Aeroflot Open B 2017"]
[Site "Moscow RUS"]
[Date "2017.03.01"]
[Round "9.28"]
[White "Duzhakov, Ilya"]
[Black "Yeritsyan, Aram"]
[Result "1/2-1/2"]
[WhiteTitle "FM"]
[WhiteElo "2424"]
[BlackElo "2182"]
[WhiteFideId "4192516"]
[BlackFideId "34161047"]
[EventDate "2017.02.21"]

1. d4 Nf6 2. c4 e6 3. Nf3 b6 4. g3 Bb7 5. Bg2 Bb4+ 6. Bd2 c5 7. Bxb4 cxb4 8. O-O
O-O 9. a3 bxa3 10. Nxa3 a5 11. Nb5 Na6 12. Re1 d5 13. Ne5 Nb4 14. Rc1 Rc8 15.
Na7 Ra8 16. Nb5 Ba6 17. Qa4 Rc8 18. cxd5 exd5 19. Nc3 Re8 20. Bf3 g6 21. Na2
Nxa2 22. Qxa2 Qd6 23. g4 Bb7 24. Qb3 h6 25. h4 Kg7 26. Qe3 Qe7 27. Qf4 Nh7 28.
Kg2 Nf8 29. e3 Ne6 30. Qg3 g5 31. hxg5 hxg5 32. Rh1 Rxc1 33. Rxc1 f6 34. Rh1 Nf8
35. Nd3 Ng6 36. Rc1 Nh4+ 37. Kg1 Nxf3+ 38. Qxf3 Qd7 39. b4 axb4 40. Qf5 Qd6 41.
Ne5 fxe5 42. Qxg5+ Kf8 43. Qf5+ Kg7 44. Qg5+ Kf8 1/2-1/2

[Event "Aeroflot Open B 2017"]
[Site "Moscow RUS"]
[Date "2017.03.01"]
[Round "9.31"]
[White "Dvalishvili, Pavel S."]
[Black "Alikulov, Elbek"]
[Result "1-0"]
[WhiteTitle "IM"]
[BlackTitle "IM"]
[WhiteElo "2420"]
[BlackElo "2371"]
[WhiteFideId "4121996"]
[BlackFideId "14203308"]
[EventDate "2017.02.21"]

1. e4 c5 2. b3 g6 3. Bb2 Nf6 4. e5 Nd5 5. Qf3 Nb4 6. e6 f6 7. exd7+ Bxd7 8. Na3
Bc6 9. Qe3 Nd7 10. Nf3 Nd5 11. Qe6 Nc7 12. Qe2 Bh6 13. O-O-O Nd5 14. Qe6 Nf8 15.
Qh3 Bg7 16. Bb5 Bxb5 17. Nxb5 a6 18. Nc3 Nxc3 19. Bxc3 e5 20. Rhe1 Qc8 21. Ng1
Ne6 22. g3 O-O 23. f4 Nd4 24. fxe5 fxe5 25. Qg2 Qd7 26. Rf1 Qc6 27. Qxc6 Nxc6
28. Nf3 Rf5 29. Nh4 Rf7 30. Rxf7 Kxf7 31. Nf3 h6 32. Re1 Ke6 33. d3 Rf8 34. Nd2
Kd5 35. Ne4 b5 36. Bb2 Nd4 37. c4+ Kc6 38. Bxd4 exd4 39. Nd2 Kd7 40. Kd1 h5 41.
Ne4 Rf5 42. Ke2 Bf8 43. a4 bxa4 44. bxa4 Bd6 45. Rb1 Bc7 46. Rb7 Kc6 47. Ra7 Kb6
48. Ra8 g5 49. h3 g4 50. hxg4 hxg4 51. Rg8 Ka5 52. Rxg4 Kxa4 53. Rg7 Be5 54. Re7
Rh5 55. Nxc5+ Ka5 56. g4 Rh2+ 57. Kf3 Bh8 58. Rb7 Rh6 59. Rb1 Rc6 60. Ne4 Ka4
61. c5 a5 62. g5 Ka3 63. Rb6 Rc8 64. c6 a4 65. Nd6 Rf8+ 66. Ke4 1-0

[Event "Aeroflot Open B 2017"]
[Site "Moscow RUS"]
[Date "2017.03.01"]
[Round "9.32"]
[White "Chen, Qi b"]
[Black "Sadovsky, Artem"]
[Result "1/2-1/2"]
[WhiteElo "2328"]
[BlackElo "2416"]
[WhiteFideId "8614733"]
[BlackFideId "4155840"]
[EventDate "2017.02.21"]

1. e4 g6 2. d4 Bg7 3. Nc3 c6 4. Nf3 d5 5. h3 dxe4 6. Nxe4 Nd7 7. Bc4 Ngf6 8.
Nxf6+ Nxf6 9. O-O O-O 10. c3 Qc7 11. Re1 c5 12. Qe2 cxd4 13. Nxd4 a6 14. Bb3 Re8
15. Bg5 b6 16. Nf3 Bb7 17. Ne5 e6 18. Qc4 Rac8 19. Qxc7 Rxc7 20. Nc4 Ne4 21. Bf4
e5 22. Be3 b5 23. Na5 Ba8 24. Rad1 Kf8 25. f3 Nc5 26. Bxc5+ Rxc5 27. Rd7 Re7 28.
Rd8+ Re8 29. Rd7 Re7 30. Rd8+ Re8 31. Rd7 1/2-1/2

[Event "Aeroflot Open B 2017"]
[Site "Moscow RUS"]
[Date "2017.03.01"]
[Round "9.33"]
[White "Bakunts, Rafael"]
[Black "Kakabaev, Mergen"]
[Result "1/2-1/2"]
[BlackTitle "FM"]
[WhiteElo "2386"]
[BlackElo "2329"]
[WhiteFideId "13304097"]
[BlackFideId "14002990"]
[EventDate "2017.02.21"]

1. e4 e5 2. Nf3 Nc6 3. Bb5 a6 4. Ba4 Nf6 5. O-O Nxe4 6. d4 b5 7. Bb3 d5 8. dxe5
Be6 9. Nbd2 Nc5 10. c3 Be7 11. Bc2 d4 12. Nb3 d3 13. Bb1 Nxb3 14. axb3 Bf5 15.
Be3 O-O 16. Re1 Qd7 17. Bd4 Nxd4 18. Nxd4 Bg6 19. Bxd3 Bxd3 20. Qxd3 Bc5 21.
Rad1 Rfd8 22. Qc2 Bxd4 23. cxd4 c6 24. f4 g6 25. Rf1 Qa7 26. Qxc6 Rxd4 27. Qxa8+
Qxa8 28. Rxd4 Qa7 29. Rd1 Qc5 30. b4 Qc2 31. R1d2 Qb1+ 32. Kf2 g5 33. h3 h5 34.
fxg5 Qf5+ 35. Kg1 Qxe5 36. h4 Kg7 37. Rd1 Kg8 38. Kh1 Kh7 39. Rd7 Qf4 40. R1d4
Qe3 41. R7d5 Kg8 42. Kh2 Kg7 43. Rd2 Qf4+ 44. g3 Qxb4 45. R5d4 Qb3 46. R4d3 Qc4
47. Rc3 Qe4 48. Rf2 a5 49. Rcf3 Qb4 50. Rf4 Qb3 51. g4 hxg4 52. Rxg4 a4 53. h5
Qe6 54. Rgf4 Kg8 55. h6 Qb3 56. R4f3 Qc4 57. Kg3 Qe6 58. Rf6 Qe5+ 59. Kg4 Qe4+
60. R6f4 Qd5 61. Rxf7 Qd1+ 62. R7f3 b4 63. Kh4 Qh1+ 64. Kg4 Qd1 65. g6 a3 66.
bxa3 bxa3 67. Kg5 Qg1+ 68. Kf4 Qc1+ 69. Re3 Qc7+ 70. Kg4 Qd7+ 71. Kg3 Qd8 72.
Ree2 Qg5+ 73. Kh2 Qxh6+ 74. Kg1 Qg5+ 75. Rg2 Qc5+ 76. Kh2 Qh5+ 77. Kg1 Qc5+ 1/2-1/2

[Event "Aeroflot Open B 2017"]
[Site "Moscow RUS"]
[Date "2017.03.01"]
[Round "9.36"]
[White "Lan, Zilun"]
[Black "Papin, Vasily"]
[Result "1/2-1/2"]
[BlackTitle "GM"]
[WhiteElo "2350"]
[BlackElo "2456"]
[WhiteFideId "8604193"]
[BlackFideId "4143183"]
[EventDate "2017.02.21"]

1. d4 Nf6 2. c4 e6 3. Nf3 b6 4. g3 Ba6 5. b3 b5 6. Bg2 bxc4 7. Ne5 Bb4+ 8. Bd2
cxb3 9. Bxb4 b2 10. Nc3 bxa1=Q 11. Qxa1 d5 12. O-O c5 13. Bxc5 Nbd7 14. Bb4 Rc8
15. Qb2 Qb6 16. Rd1 Nxe5 1/2-1/2

[Event "Aeroflot Open B 2017"]
[Site "Moscow RUS"]
[Date "2017.03.01"]
[Round "9.38"]
[White "Pustovoitova, Daria"]
[Black "Gevorgyan, David Sh."]
[Result "1-0"]
[WhiteTitle "FM"]
[BlackTitle "IM"]
[WhiteElo "2407"]
[BlackElo "2324"]
[WhiteFideId "4182146"]
[BlackFideId "13303244"]
[EventDate "2017.02.21"]

1. d4 Nf6 2. c4 e6 3. g3 Bb4+ 4. Bd2 Bxd2+ 5. Qxd2 d6 6. Bg2 O-O 7. Nc3 Nbd7 8.
e3 e5 9. Nge2 c6 10. O-O Qe7 11. b4 Nb6 12. c5 dxc5 13. bxc5 Nbd5 14. Nxd5 Nxd5
15. Bxd5 cxd5 16. dxe5 Qxe5 17. Qd4 Qf5 18. Nf4 Be6 19. Rab1 Rab8 20. Rb2 Rfc8
21. Rd1 h6 22. Nxd5 Bxd5 23. Qxd5 Rxc5 24. Qxf5 Rxf5 25. Rd7 Ra5 26. Rc2 a6 27.
e4 b6 28. Rcc7 Rf8 29. f4 Rxa2 30. e5 Re2 31. Kf1 Re4 32. Kf2 h5 33. Rb7 b5 34.
Ra7 g6 35. Kf3 Re1 36. Rxa6 b4 37. Rb6 b3 38. Rxb3 Ra8 39. Rbb7 Rf8 40. Re7 h4
41. Kg4 hxg3 42. hxg3 Re3 43. Rbc7 Kg7 44. e6 Kf6 45. Rxf7+ Rxf7 46. exf7 Kg7
47. Kh4 Rf3 48. Rd7 Ra3 49. g4 Ra5 50. Rb7 Rc5 51. Re7 Ra5 52. Re5 Ra6 53. Kg5
Kxf7 54. Rb5 Kg7 55. Rb7+ Kg8 56. Kh6 Rf6 57. Rb4 Ra6 58. g5 Rc6 59. Rb1 Kf7 60.
Rb7+ Kf8 61. f5 gxf5+ 62. g6 f4 63. Kh7 Ke8 64. g7 1-0

[Event "Aeroflot Open B 2017"]
[Site "Moscow RUS"]
[Date "2017.03.01"]
[Round "9.39"]
[White "Lesovoi, Evgenij"]
[Black "Mammadova, Gulnar"]
[Result "1/2-1/2"]
[BlackTitle "IM"]
[WhiteElo "2323"]
[BlackElo "2401"]
[WhiteFideId "24164135"]
[BlackFideId "13403508"]
[EventDate "2017.02.21"]

1. d4 d5 2. c4 c6 3. Nf3 Nf6 4. Nc3 a6 5. e3 g6 6. Be2 Bg7 7. O-O O-O 8. b3 Bg4
9. h3 Bxf3 10. Bxf3 e6 11. Qe2 Nbd7 12. Rd1 Re8 13. Bb2 Qc7 14. Rac1 Qd6 15. g3
b5 16. Rc2 Rad8 17. Bg2 Qe7 18. Qf1 Rc8 19. Nb1 e5 20. dxe5 Nxe5 21. cxd5 Nxd5
22. Bxe5 Qxe5 23. Bxd5 cxd5 24. Rcd2 Red8 25. Qg2 Rd7 26. Na3 b4 27. Nc2 a5 28.
Nd4 Qe4 29. Ne2 Qxg2+ 30. Kxg2 Rcd8 31. Rc1 Bf8 32. Rc6 a4 33. bxa4 Ra7 34. Nf4
Ra5 35. e4 d4 36. Nd5 Rxa4 37. Rxd4 Rda8 38. Rcc4 Rxa2 39. Nxb4 Bxb4 40. Rxb4
Re2 41. Rb3 Ra7 42. g4 g5 43. Rb5 h6 44. Rf5 Re7 45. Kf3 Re1 46. h4 gxh4 47. Kf4
h3 48. Rh5 Re6 49. f3 Rf6+ 50. Kg3 Rg1+ 51. Kh2 Rf1 52. Rd3 R6xf3 53. Rxf3 Rxf3
54. Rxh3 Rf4 55. Kg3 Rxe4 56. Rxh6 Kg7 57. Ra6 1/2-1/2

[Event "Aeroflot Open B 2017"]
[Site "Moscow RUS"]
[Date "2017.03.01"]
[Round "9.40"]
[White "Tunik, Gennady"]
[Black "Smirnov, Timofey"]
[Result "1/2-1/2"]
[WhiteTitle "GM"]
[WhiteElo "2395"]
[BlackElo "2323"]
[WhiteFideId "4101219"]
[BlackFideId "24176427"]
[EventDate "2017.02.21"]

1. d4 d5 2. c4 c6 3. Nf3 Nf6 4. Qc2 dxc4 5. Qxc4 Bf5 6. g3 e6 7. Bg2 Be7 8. O-O
O-O 9. e3 Nbd7 10. Qe2 Re8 11. Rd1 Qc7 12. Nc3 Bb4 13. a3 Bxc3 14. bxc3 Be4 15.
Bb2 c5 16. c4 cxd4 17. exd4 Rac8 18. Rac1 Red8 19. Bf1 b6 20. Ne5 Ba8 21. Nxd7
Nxd7 22. d5 e5 23. Bh3 Re8 24. Rd3 Rcd8 25. Re3 Qc5 26. Bxd7 Rxd7 27. Rxe5 Rde7
28. Rxe7 Qxe7 29. Qxe7 Rxe7 30. d6 Rd7 31. Rd1 f6 32. h4 Kf7 33. Bc1 Ke6 34. Bf4
h6 35. g4 Bf3 36. Re1+ Kf7 37. g5 hxg5 38. hxg5 fxg5 39. Bxg5 Rxd6 40. Re3 Bg4
41. Re7+ Kg6 42. Be3 Rd7 43. Rxd7 Bxd7 44. c5 1/2-1/2

[Event "Aeroflot Open B 2017"]
[Site "Moscow RUS"]
[Date "2017.03.01"]
[Round "9.41"]
[White "Stathopoulos, Ioannis"]
[Black "Sigfusson, Sigurdur"]
[Result "1/2-1/2"]
[WhiteTitle "FM"]
[BlackTitle "FM"]
[WhiteElo "2387"]
[BlackElo "2226"]
[WhiteFideId "4223098"]
[BlackFideId "2300168"]
[EventDate "2017.02.21"]

1. d4 Nf6 2. c4 g6 3. Nc3 Bg7 4. e4 d6 5. Be2 O-O 6. Be3 e5 7. d5 a5 8. h4 Na6
9. h5 Nc5 10. Qc2 Ng4 11. Bxg4 Bxg4 12. f3 Bd7 13. O-O-O f5 14. hxg6 hxg6 15.
Nh3 f4 16. Bxc5 dxc5 17. Qf2 b6 18. Rdg1 Kf7 19. g3 Bxh3 20. Rxh3 Qf6 21. Nb5 c6
22. dxc6 Qxc6 23. gxf4 Qe6 24. Qg3 exf4 25. Qxf4+ Kg8 26. Qh4 Qxc4+ 27. Nc3 Rf6
28. e5 Qxh4 29. Rxh4 Rxf3 30. Rxg6 Kf7 31. Rxb6 Bxe5 32. Ne4 Rg8 33. Rh7+ Kf8
34. Rc6 Rg1+ 35. Kd2 Rg2+ 36. Ke1 Kg8 37. Rb7 Bd4 1/2-1/2

[Event "Aeroflot Open B 2017"]
[Site "Moscow RUS"]
[Date "2017.03.01"]
[Round "9.42"]
[White "Ragnarsson, Dagur"]
[Black "Shuvalova, Polina"]
[Result "0-1"]
[WhiteTitle "FM"]
[BlackTitle "WIM"]
[WhiteElo "2276"]
[BlackElo "2387"]
[WhiteFideId "2304058"]
[BlackFideId "24171760"]
[EventDate "2017.02.21"]

1. d4 Nf6 2. c4 g6 3. g3 c6 4. Nf3 d5 5. cxd5 cxd5 6. Bg2 Bg7 7. Ne5 O-O 8. Nc3
e6 9. O-O Nfd7 10. f4 Nc6 11. Be3 Nb6 12. Bf2 Ne7 13. e4 dxe4 14. Nxe4 Nbd5 15.
Qb3 b6 16. a4 a5 17. Nc3 Bb7 18. Rfe1 Rb8 19. Nb5 Nb4 20. Bh3 Bd5 21. Qd1 Nf5
22. Nc3 Bb7 23. g4 Nh4 24. Ne4 f5 25. gxf5 exf5 26. Ng5 Qd5 27. Bxh4 Qh1+ 28.
Kf2 Qxh2+ 29. Kf1 Ba6+ 30. Re2 Bxe5 31. fxe5 Qf4+ 32. Kg2 Bxe2 33. Qb3+ Kh8 34.
Qg3 Qxd4 35. Qf2 Qxf2+ 36. Bxf2 h6 37. Ne6 Rfe8 38. Nf4 Bg4 39. Nxg6+ Kh7 40.
Nf4 Bxh3+ 41. Nxh3 Rxe5 42. Rc1 Rb7 43. Rc8 Nd3 44. Bd4 Rg7+ 45. Kh1 Re1+ 46.
Kh2 Rg4 47. Rc7+ Kg8 48. Bxb6 Re2+ 49. Kh1 Rh4 50. Rc8+ Kf7 51. Rc7+ Ke6 52. Kg1
Rxh3 53. Rc8 Rg3+ 54. Kh1 Nf4 0-1

[Event "Aeroflot Open B 2017"]
[Site "Moscow RUS"]
[Date "2017.03.01"]
[Round "9.43"]
[White "Charochkina, Daria"]
[Black "Khomeriki, Nino"]
[Result "1-0"]
[WhiteTitle "IM"]
[BlackTitle "WIM"]
[WhiteElo "2383"]
[BlackElo "2317"]
[WhiteFideId "4180917"]
[BlackFideId "13603191"]
[EventDate "2017.02.21"]

1. c4 e5 2. Nc3 Nc6 3. g3 g6 4. Bg2 Bg7 5. Rb1 Nf6 6. b4 O-O 7. e3 Re8 8. d3 Ne7
9. Qb3 c6 10. e4 d5 11. Nf3 d4 12. Na4 Nd7 13. h4 h6 14. O-O b6 15. Bd2 Kh7 16.
h5 Nf8 17. Nh4 Ng8 18. Qd1 Be6 19. Be1 Bf6 20. hxg6+ fxg6 21. f4 exf4 22. e5 Bg5
23. Bxc6 Bh3 24. Ng2 Ne6 25. Bxe8 Qxe8 26. Qf3 Rd8 27. b5 h5 28. gxf4 Bxg2 29.
Qxg2 Bxf4 30. Bh4 g5 31. Bg3 Nh6 32. c5 Nf5 33. Qe4 Qg6 34. Bh2 bxc5 35. b6 axb6
36. Rxb6 Re8 37. Qc6 Bxh2+ 38. Kxh2 Nfg7 39. Nxc5 g4 40. Qe4 Qxe4 41. Nxe4 Ra8
42. Kg3 Ra3 43. Rb3 Rxa2 44. Rf6 Ra5 45. Rb6 Rxe5 46. Rbxe6 Nxe6 47. Rxe6 Rxe6
48. Ng5+ Kg6 49. Nxe6 Kf5 50. Nxd4+ Kg5 51. Ne6+ Kf5 52. Nd4+ Kg5 53. Ne2 h4+
54. Kf2 Kf5 55. Ke3 g3 56. Kf3 Ke5 57. d4+ Kf5 58. Nf4 Kg5 59. Nd5 Kf5 60. Ne3+
Kf6 61. Kg4 Ke6 62. Kf3 Kf6 63. Kg2 Ke6 64. Kf3 Kf6 65. Kf4 Ke6 66. Kf3 Kf6 67.
Nd5+ Kg5 68. Nf4 Kf5 69. Nh3 Ke6 70. Ke4 Kd6 71. d5 Kd7 72. Ke5 Ke7 73. d6+ Kd7
74. Kd5 Kd8 75. Ke6 Ke8 76. d7+ Kd8 77. Ng5 1-0

[Event "Aeroflot Open B 2017"]
[Site "Moscow RUS"]
[Date "2017.03.01"]
[Round "9.47"]
[White "Navalgund, Niranjan"]
[Black "Gharibyan, Mamikon"]
[Result "1-0"]
[BlackTitle "CM"]
[WhiteElo "2327"]
[BlackElo "2280"]
[WhiteFideId "5030854"]
[BlackFideId "13308300"]
[EventDate "2017.02.21"]

1. d4 Nf6 2. Nf3 e6 3. Bf4 b6 4. e3 Bb7 5. Nbd2 Bd6 6. Bg5 Be7 7. h3 c5 8. c3
O-O 9. Bd3 Nc6 10. O-O Rc8 11. Re1 cxd4 12. cxd4 Nb4 13. Bb1 Qc7 14. Ne5 Nc2 15.
Bxf6 gxf6 16. Bxc2 Qxc2 17. Nef3 Qxd1 18. Rexd1 Rc2 19. Rab1 Rfc8 20. Ne1 R2c7
21. Ndf3 f5 22. Nd3 Bd5 23. Ra1 Bd6 24. Nfe1 a5 25. Rdc1 f6 26. Rxc7 Rxc7 27. f4
b5 28. Rc1 Bxa2 29. Ra1 Bc4 30. Rxa5 Kf7 31. Ra1 Ke7 32. Rc1 Ra7 33. Kf2 h5 34.
Kg3 Kf7 35. Nc5 Bd5 36. Kh4 Kg6 37. Ned3 Kf7 38. g4 hxg4 39. hxg4 fxg4 40. e4
Ba8 41. Kxg4 Bxc5 42. Nxc5 d6 43. Rh1 Ra2 44. Nb7 Rxb2 45. Nxd6+ Ke7 46. Nc8+
Kd8 47. Rh8+ Kc7 48. e5 Rg2+ 49. Kh3 Rg1 50. Rf8 f5 51. Na7 Bc6 52. Rc8+ Kb7 53.
Rxc6 Kxa7 54. Rxe6 Rd1 55. Kh4 Kb7 56. Kg5 b4 57. Rh6 Rxd4 58. Kxf5 b3 59. e6
Kc7 60. Ke5 Rb4 61. Rh1 b2 62. Rb1 Kd8 63. f5 Rb5+ 64. Kf6 Ke8 65. Rh1 Kd8 66.
e7+ Kd7 67. Rd1+ Kc7 68. e8=Q 1-0

[Event "Aeroflot Open B 2017"]
[Site "Moscow RUS"]
[Date "2017.03.01"]
[Round "9.48"]
[White "Pujari, Rucha"]
[Black "Kathmale, Sameer"]
[Result "1/2-1/2"]
[WhiteTitle "WFM"]
[BlackTitle "IM"]
[WhiteElo "2127"]
[BlackElo "2323"]
[WhiteFideId "5024528"]
[BlackFideId "5024498"]
[EventDate "2017.02.21"]

1. Nf3 g6 2. g3 Bg7 3. Bg2 e5 4. e4 Nc6 5. O-O Nge7 6. c3 d6 7. d4 Bg4 8. dxe5
Nxe5 9. Qa4+ c6 10. Nxe5 dxe5 11. Be3 O-O 12. c4 f5 13. f3 f4 14. Bc5 Be6 15.
Na3 Rf7 16. Rad1 Qe8 17. Rd3 b6 18. Bf2 b5 19. Qc2 b4 20. Nb1 g5 21. Bc5 a5 22.
Rfd1 Ng6 23. g4 h5 24. h3 Nh4 25. b3 Bf6 26. Qf2 Qc8 27. Nd2 hxg4 28. fxg4 f3
29. Nxf3 Ng6 30. Be3 Nf4 31. Bxf4 exf4 32. Nd4 Be7 33. Nf5 Bxf5 34. exf5 a4 35.
Qb6 axb3 36. axb3 Ra6 37. Qf2 Kg7 38. Kh1 Bf6 39. Rd6 c5 40. Rxa6 Qxa6 41. Bd5
Qd6 42. Qe2 Re7 43. Be6 Qa6 44. h4 Qa8+ 45. Qg2 f3 46. Qf2 Bd4 47. Qd2 f2+ 48.
Bd5 Be3 49. Qb2+ Bd4 50. Qd2 Be3 1/2-1/2

[Event "Aeroflot Open B 2017"]
[Site "Moscow RUS"]
[Date "2017.03.01"]
[Round "9.50"]
[White "Hakobyan, Hovhannes H."]
[Black "Zakaryan, David"]
[Result "1/2-1/2"]
[BlackTitle "FM"]
[WhiteElo "2103"]
[BlackElo "2320"]
[WhiteFideId "13306308"]
[BlackFideId "24101923"]
[EventDate "2017.02.21"]

1. e4 c5 2. Nf3 d6 3. d4 cxd4 4. Nxd4 Nf6 5. Nc3 a6 6. Be3 Ng4 7. Bc1 Nc6 8. Be2
Nf6 9. Nxc6 bxc6 10. O-O h5 11. Bg5 Qa5 12. Qd2 Rb8 13. Rfd1 e6 14. e5 Nd5 15.
exd6 Bxd6 16. Ne4 Bb4 17. c3 Bf8 18. c4 Qxd2 19. Rxd2 f6 20. cxd5 cxd5 21. Bf4
e5 22. Rxd5 exf4 23. Bxh5+ Rxh5 24. Rxh5 Rxb2 25. Rd5 Be6 26. Rd2 Rxd2 27. Nxd2
a5 28. Rc1 a4 29. Nc4 a3 30. Kf1 Kf7 31. Ke2 g5 32. g3 fxg3 33. hxg3 Kg6 34. Kd3
g4 35. Rc3 Bb4 36. Nxa3 Bxc3 37. Kxc3 Bxa2 38. Kd4 Kf5 39. Nc2 Bb1 40. Nb4 Be4
41. Nd5 Bxd5 42. Kxd5 Kg6 43. Kc6 Kf5 44. Kd5 Kg6 45. Kc6 Kf5 46. Kd5 Kg6 1/2-1/2